Religion Quiz

Random Religion or Bible Quiz

Name the first 5 books of the Bible? Quiz Stats

 Plays Quiz not verified by Sporcle

Also try: Bible 'C' Blitz
Challenge
Share
Tweet
Score 0/5 Timer 01:00
0 Plays Today
% Correct
Genesis
97%
Exodus
93.6%
Leviticus
88%
Numbers
87.6%
Deuteronomy
76.5%

You're not logged in!

Compare scores with friends on all Sporcle quizzes.
OR
Log In

You Might Also Like...

Show Comments

Extras

Created Jun 10, 2010ReportNominate
Tags:Bible Quiz, Book Quiz

Top Quizzes Today


Score Distribution

Your Account Isn't Verified!

In order to create a playlist on Sporcle, you need to verify the email address you used during registration. Go to your Sporcle Settings to finish the process.

Report this User

Report this user for behavior that violates our Community Guidelines.

Details: